00808nam a2200241Ia 4500001000600000003000900006008004100015040001300056040001300069041001300082100001800095100002900113245001900142245002700161250001100188260001000199260001000209260004900219300005600268500018700324650002400511650003100535E2430IT-RoPAU130308s9999 xx 000 0 und d aIT-RoPAU cIT-RoPAU aFRANCESE aDickie George gCodice Aut. SPICS: 28994 aDefinir l'art  bEsthetique et Poetique a1a ed. aPARIS bSeuil c1992 [1° Ed.:1992 - Ed.Ling.Originale:1973] a"24 p. (prefazione: no ; testo: 24 [pagine: 9-32])" a"Definire L'Arte. tentativo Difficile che Ebbe nel Tempo varie Risposte. così L'Espressione ""Opera d'arte "". Mondo dell'arte : Teatro, Pittura, scultura , Letteratura, Musica..." aSAGGI DI SEMIOLOGIA eCodice materia Spics: 3257